[Event "Trois-Rivieres op"]
[Site "Trois Rivieres"]
[Date "2018.03.16"]
[Round "1.6"]
[White "Kaufman, Raymond"]
[Black "Li, Sherry"]
[Result "1/2-1/2"]
[WhiteElo "2323"]
[BlackElo "2036"]
[PlyCount "98"]
[EventDate "2018.03.16"]
[EventType "swiss"]
[EventRounds "5"]
[EventCountry "CAN"]
[SourceTitle "EXT 2022"]
[Source "ChessBase"]
[SourceDate "2021.10.06"]
[SourceVersion "1"]
[SourceVersionDate "2021.10.06"]
[SourceQuality "1"]

1. e4 c5 2. Nf3 e6 3. d4 cxd4 4. Nxd4 a6 5. c4 Nf6 6. Nc3 Bb4 7. Qd3 Qc7 8. a3 Bxc3+ 9. Qxc3 Nxe4 10. Nb5 axb5 11. Qxg7 Rf8 12. Bh6 Qc5 13. b4 Qe7 14. f3 Nf6 15. Qxf8+ Qxf8 16. Bxf8 Kxf8 17. cxb5 d6 18. Bd3 Nbd7 19. Kf2 Nb6 20. Rhd1 Bd7 21. g4 Kg7 22. h4 Nfd5 23. h5 h6 24. Rdc1 Na4 25. Be4 Bxb5 26. Bxd5 exd5 27. Rc7 d4 28. Re1 d3 29. Rxb7 Nc3 30. a4 d2 31. axb5 dxe1Q+ 32. Kxe1 Ra2 33. b6 Re2+ 34. Kf1 Re8 35. Rd7 d5 36. f4 Re6 37. b7 Rb6 38. g5 hxg5 39. fxg5 Ne4 40. g6 Ng5 41. gxf7 Nxf7 42. h6+ Kxh6 43. Rxf7 Rxb4 44. Ke2 Kg6 45. Rc7 Kf6 46. Kd3 Ke6 47. Kc3 Kd6 48. Rh7 Rb1 49. Kd4 Kc6 1/2-1/2

[Event "Montreal Mercredi 02"]
[Site "Montreal"]
[Date "2018.03.14"]
[Round "4"]
[White "Li, Sherry"]
[Black "Pomerantz, Daniel"]
[Result "1-0"]
[WhiteElo "2036"]
[BlackElo "2029"]
[PlyCount "59"]
[EventDate "2018.02.21"]
[EventType "swiss"]
[EventRounds "5"]
[EventCountry "CAN"]
[SourceTitle "EXT 2022"]
[Source "ChessBase"]
[SourceDate "2021.10.06"]
[SourceVersion "1"]
[SourceVersionDate "2021.10.06"]
[SourceQuality "1"]

1. f4 e5 2. fxe5 d6 3. exd6 Bxd6 4. Nf3 Nf6 5. Nc3 0-0 6. e3 Nc6 7. Be2 Ng4 8. 0-0 h5 9. Qe1 Bf5 10. d3 Re8 11. e4 Bc5+ 12. Kh1 Be6 13. Qg3 g6 14. Nb5 Bb6 15. Bf4 Rc8 16. Ng5 a6 17. Bxg4 Bxg4 18. Nxf7 Qe7 19. Bg5 Qe6 20. Nh6+ Kg7 21. Rf7+ Qxf7 22. Nxf7 axb5 23. Qf4 Bd4 24. e5 Bf5 25. Nh6 Rxe5 26. c3 Bb6 27. d4 Rd5 28. Qf3 Rcd8 29. Bxd8 Kxh6 30. Qxd5 1-0

[Event "Montreal Mercredi 02"]
[Site "Montreal"]
[Date "2018.02.28"]
[Round "2"]
[White "Have, Didier"]
[Black "Li, Sherry"]
[Result "0-1"]
[WhiteElo "2053"]
[BlackElo "2036"]
[PlyCount "96"]
[EventDate "2018.02.21"]
[EventType "swiss"]
[EventRounds "5"]
[EventCountry "CAN"]
[SourceTitle "EXT 2022"]
[Source "ChessBase"]
[SourceDate "2021.10.06"]
[SourceVersion "1"]
[SourceVersionDate "2021.10.06"]
[SourceQuality "1"]

1. d4 d5 2. Bf4 Nf6 3. e3 e6 4. c3 Bd6 5. Bg3 Nbd7 6. Nf3 Ne4 7. Nbd2 Nxg3 8. hxg3 f5 9. Be2 Qf6 10. Qb3 0-0 11. 0-0-0 c6 12. Rh4 Qg6 13. Rdh1 h6 14. Qc2 Be7 15. R4h3 Qf6 16. Ne1 e5 17. Nd3 Bd6 18. f4 e4 19. Ne5 Qe6 20. g4 Nxe5 21. fxe5 Be7 22. gxf5 Qxf5 23. Qd1 Qg6 24. g4 Be6 25. Qg1 b5 26. Nb3 b4 27. cxb4 Bxb4 28. Rg3 Be7 29. Nc5 Bg5 30. Qg2 Rf7 31. Rf1 Rxf1+ 32. Qxf1 Rf8 33. Qe1 Bh4 34. Qg1 Bxg3 35. Qxg3 Bc8 36. Kd2 h5 37. e6 Bxe6 38. Qd6 Bf7 39. Qd7 h4 40. Qe7 h3 41. Nd7 Re8 42. Qh4 Qh7 43. Qe1 h2 44. Qh1 Qh4 45. Ne5 Qf2 46. Qc1 Qg1 47. Qxc6 h1Q 48. Nxf7 Qe1+ 0-1